| 000 | 00376nam a2200145Ia 4500 | ||
|---|---|---|---|
| 008 | 230917s9999||||xx |||||||||||||| ||und|| | ||
| 040 |
_e42777 _aMAIN |
||
| 041 | _aEnglish | ||
| 082 | _a813.09 C549H | ||
| 100 | _aClark, Robert | ||
| 245 | 0 | _aHistory, ideology and myth in American fiction: 1823-52 | |
| 260 |
_aLondon _bMacmillan _c1984 |
||
| 300 | _ax, 186 p. | ||
| 942 | _cBK | ||
| 999 |
_c51800 _d51800 |
||